| 000 | 00814na a2200289 4500 | ||
|---|---|---|---|
| 001 | 23087 | ||
| 003 | MIRAKIL | ||
| 005 | 20181213154753.0 | ||
| 008 | 170630b tu 000 0 | ||
| 020 | _a9755200606 | ||
| 035 | _a12940 | ||
| 040 |
_aMilas _btur _cTR-AnCHP |
||
| 041 | _atur | ||
| 082 |
_a305.89435 _bK84a 1993 |
||
| 090 | _a305.89435 K84a 1993 | ||
| 100 | _aKula, Onur Bilge | ||
| 245 |
_aAlman kültüründe Türk imgesi II _cOnur Bilge Kula |
||
| 246 | _aTürk simgesi | ||
| 260 |
_aAnkara _bGündoğan Yayınları _c1993 |
||
| 300 |
_a208 s. c.2 _c19 sm. |
||
| 490 |
_aGündoğan yayınları _v93.72 |
||
| 490 |
_aEdebiyat _v12.17 |
||
| 650 |
_aTürkler _xKültür _zAlmanya |
||
| 650 |
_aTürkler _xDış kamuoyu _zAlmanya |
||
| 651 |
_aTürkiye _xDış kamuoyu, Alman |
||
| 942 |
_2ddc _cBKS |
||
| 999 |
_c537 _d537 |
||